A short history of American life / (Record no. 1941)

MARC details
000 -LEADER
fixed length control field 00573nam a22001817a 4500
003 - CONTROL NUMBER IDENTIFIER
control field BD-DhJNU
005 - DATE AND TIME OF LATEST TRANSACTION
control field 20250724061152.0
008 - FIXED-LENGTH DATA ELEMENTS--GENERAL INFORMATION
fixed length control field 250724b |||||||| |||| 00| 0 eng d
040 ## - CATALOGING SOURCE
Original cataloging agency BD-DhJNU
Language of cataloging ENG
Transcribing agency BD-DhJNU
Modifying agency BD-DhJNU
082 ## - DEWEY DECIMAL CLASSIFICATION NUMBER
Edition number 23
Classification number 917.3 BLS
100 ## - MAIN ENTRY--PERSONAL NAME
Personal name Blake, Nelson Manfred
245 ## - TITLE STATEMENT
Title A short history of American life /
Statement of responsibility, etc. Nelson Manfred Blake
260 ## - PUBLICATION, DISTRIBUTION, ETC.
Place of publication, distribution, etc. New York :
Name of publisher, distributor, etc. McGraw-Hill Book Company,
Date of publication, distribution, etc. 1952.
300 ## - PHYSICAL DESCRIPTION
Extent xiv, 732p. :
Other physical details ill. ;
Dimensions 24 cm.
490 ## - SERIES STATEMENT
Series statement McGraw-Hill series in history
650 ## - SUBJECT ADDED ENTRY--TOPICAL TERM
Topical term or geographic name entry element United States
General subdivision Civilization
942 ## - ADDED ENTRY ELEMENTS (KOHA)
Source of classification or shelving scheme Dewey Decimal Classification
Koha item type Books
Suppress in OPAC No
Holdings
Withdrawn status Lost status Source of classification or shelving scheme Damaged status Not for loan Collection Home library Current library Shelving location Date acquired Source of acquisition Total checkouts Full call number Barcode Date last seen Copy number Price effective from Koha item type
    Dewey Decimal Classification     Non-fiction Jagannath University Central Library Jagannath University Central Library General stacks 07/24/2025 Purchased   917.3 BLS JNUCL9102 07/24/2025 1 07/24/2025 Books
    Dewey Decimal Classification     Non-fiction Jagannath University Central Library Jagannath University Central Library General stacks 08/13/2025 Purchased   917.3 BLS JNUCL9013 08/13/2025 2 08/13/2025 Books